000 01349cam a2200361 i 4500
001 5917
003 FISKH
005 20260206122323.0
008 150115s2015 nyua c 000 1 eng
010 _a 2014045980
020 _a9780399252952 (hardback)
020 _a9781338135381
040 _aDLC
_beng
_cDLC
_erda
_dDLC
042 _apcc
_alcac
050 _aPZ8.S4132 T
082 _a813.6
084 _aJUV001000
_aJUV012040
_aJUV037000
_2bisacsh
100 1 _aSmith, Sherri L
_d(1971-)
245 1 4 _aThe toymaker's apprentice /
_cSherri L. Smith ; illustrations by Sarah Watts.
250 _aFirst printing in 2016
260 _aNew York :
_bScholastic,
_c2015.
300 _a392 pages :
_billustrations ;
_c20 cm
505 _aR
520 _aJourneyman toymaker Stefan Drosselmeyer is recruited by his mysterious cousin, Christian, to find a mythical nut that will save Boldavia's princess and his own kidnapped father from a fanatical Mouse Queen and her seven-headed Mouse Prince, who have sworn to destroy the Drosselmeyer family.
521 8 _a710
_bLexile
521 8 _aR
_bRaz-Plus
650 1 _aFairy tales.
_2Toy making
650 1 _aAdventure and adventurers
_vFiction.
700 1 _aWatts, Sarah
_eillustrator.
906 _a7
_bcbc
_corignew
_d1
_eecip
_f20
_gy-gencatlg
942 _2ddc
_cBK
_n0
999 _c5917
_d5917